| 000 | 005850000a22001810004500 | ||
|---|---|---|---|
| 003 | MACL | ||
| 005 | 20160603155305.0 | ||
| 008 | 160603b xxu||||| |||| 00| 0 eng d | ||
| 040 |
_aMACL _cMACL |
||
| 041 | _aHindi | ||
| 082 | _a920 | ||
| 100 |
_aजोशी, श्रीकान्त _942105 |
||
| 245 |
_aमाखनलाल चतुर्वेदी _cश्रीकान्त जोशी |
||
| 260 |
_bसाहित्य अकादेमी _c1989 _aदिल्ली |
||
| 350 | _a20 | ||
| 650 |
_aBiography _962166 |
||
| 942 |
_cHIN _k920/JOS _2ddc |
||
| 999 |
_c22413 _d22413 |
||